Fundamentals of heat and mass transfer / (Record no. 4841)
[ view plain ]
| 000 -LEADER | |
|---|---|
| fixed length control field | 01176cam a22003255a 4500 |
| 008 - FIXED-LENGTH DATA ELEMENTS--GENERAL INFORMATION | |
| fixed length control field | 150816s2007 njua|||fr|||| 001 0 eng d |
| 010 ## - LIBRARY OF CONGRESS CONTROL NUMBER | |
| LC control number | 2005058360 |
| 020 ## - INTERNATIONAL STANDARD BOOK NUMBER | |
| International Standard Book Number | 0471457280 (cloth) |
| 020 ## - INTERNATIONAL STANDARD BOOK NUMBER | |
| International Standard Book Number | 9780471457282 |
| 035 ## - SYSTEM CONTROL NUMBER | |
| System control number | (OCoLC)ocm62532755 |
| 040 ## - CATALOGING SOURCE | |
| Original cataloging agency | EG-ScBUE |
| Language of cataloging | eng |
| Transcribing agency | EG-ScBUE |
| 082 04 - DEWEY DECIMAL CLASSIFICATION NUMBER | |
| Classification number | 621.4022 |
| Item number | FUN |
| Edition number | 22 |
| 245 00 - TITLE STATEMENT | |
| Title | Fundamentals of heat and mass transfer / |
| Statement of responsibility, etc | Frank P. Incropera...[et.al] |
| 250 ## - EDITION STATEMENT | |
| Edition statement | 6th ed. |
| 260 ## - PUBLICATION, DISTRIBUTION, ETC. (IMPRINT) | |
| Place of publication, distribution, etc | Hoboken : |
| Name of publisher, distributor, etc | John Wiley, |
| Date of publication, distribution, etc | c.2007. |
| 300 ## - PHYSICAL DESCRIPTION | |
| Extent | xxv, 997 p. : |
| Other physical details | ill. ; |
| Dimensions | 27 cm. |
| 500 ## - GENERAL NOTE | |
| General note | Index : p. 985-997. |
| 590 ## - LOCAL NOTE (RLIN) | |
| Local note | doaa mohamed |
| 650 #0 - SUBJECT ADDED ENTRY--TOPICAL TERM | |
| Topical term or geographic name as entry element | Heat |
| General subdivision | Transmission. |
| Source of heading or term | BUEsh |
| 650 #0 - SUBJECT ADDED ENTRY--TOPICAL TERM | |
| Topical term or geographic name as entry element | Mass transfer. |
| Source of heading or term | BUEsh |
| 651 ## - SUBJECT ADDED ENTRY--GEOGRAPHIC NAME | |
| Source of heading or term | BUEsh |
| 653 ## - INDEX TERM--UNCONTROLLED | |
| Resource For college | Engineering, Chemical |
| 700 1# - ADDED ENTRY--PERSONAL NAME | |
| Personal name | Dewitt, David P. |
| 700 1# - ADDED ENTRY--PERSONAL NAME | |
| Personal name | Bergman, Theodore L. |
| 700 1# - ADDED ENTRY--PERSONAL NAME | |
| Personal name | Lavine, Adrienne S. |
| 856 42 - ELECTRONIC LOCATION AND ACCESS | |
| Materials specified | Publisher description |
| Uniform Resource Identifier | <a href="http://www.loc.gov/catdir/enhancements/fy0626/2005058360-d.html">http://www.loc.gov/catdir/enhancements/fy0626/2005058360-d.html</a> |
| 856 42 - ELECTRONIC LOCATION AND ACCESS | |
| Materials specified | Contributor biographical information |
| Uniform Resource Identifier | <a href="http://www.loc.gov/catdir/enhancements/fy0643/2005058360-b.html">http://www.loc.gov/catdir/enhancements/fy0643/2005058360-b.html</a> |
| 856 42 - ELECTRONIC LOCATION AND ACCESS | |
| Materials specified | Table of contents only |
| Uniform Resource Identifier | <a href="http://www.loc.gov/catdir/enhancements/fy0643/2005058360-t.html">http://www.loc.gov/catdir/enhancements/fy0643/2005058360-t.html</a> |
| 942 ## - ADDED ENTRY ELEMENTS (KOHA) | |
| Item type | Book - Borrowing |
| Call number prefix | 621.4022INC |
| Source of classification or shelving scheme | Dewey Decimal Classification |
| Withdrawn status | Item status | Source of classification or shelving scheme | Damaged status | Not for loan | Home library | Current library | Shelving location | Date acquired | Source of acquisition | Cost, normal purchase price | Total Checkouts | Total Renewals | Full call number | Barcode | Checked out | Date last seen | Date last borrowed | Cost, replacement price | Koha item type | Vendor |
|---|---|---|---|---|---|---|---|---|---|---|---|---|---|---|---|---|---|---|---|---|
| Dewey Decimal Classification | Central Library | Central Library | First floor | 25/09/2007 | Purchase | 272.00 | 10 | 60 | 621.4022 FUN | 000005773 | 03/05/2026 | 30/09/2025 | 30/09/2025 | 340.00 | Book - Borrowing | |||||
| Dewey Decimal Classification | Central Library | Central Library | First floor | 25/09/2007 | Purchase | 272.00 | 10 | 17 | 621.4022 FUN | 000007200 | 15/07/2025 | 29/12/2016 | 340.00 | Book - Borrowing | ||||||
| Dewey Decimal Classification | Central Library | Central Library | First floor | 25/09/2007 | 272.00 | 11 | 34 | 621.4022 FUN | 000010823 | 15/07/2025 | 21/10/2017 | 340.00 | Book - Borrowing | |||||||
| Dewey Decimal Classification | Central Library | Central Library | First floor | 09/09/2008 | Purchase | 272.00 | 8 | 101 | 621.4022 FUN | 000013850 | 15/07/2025 | 03/03/2021 | 340.00 | Book - Borrowing | ||||||
| Dewey Decimal Classification | Central Library | Central Library | First floor | 09/09/2008 | Purchase | 272.00 | 11 | 83 | 621.4022 FUN | 000013851 | 15/07/2025 | 27/03/2018 | 340.00 | Book - Borrowing | ||||||
| Dewey Decimal Classification | Central Library | Central Library | First floor | 09/09/2008 | Purchase | 272.00 | 1 | 621.4022 FUN | 000013813 | 15/07/2025 | 08/10/2012 | 340.00 | NB - Book (Non borrowing) |